Statistiques concernant Franchises européennes de football américain (ELF).

Cliquez ici pour prendre le quiz!

Statistiques générales

  • Ce quiz a été pris 17 fois
  • Le résultat moyen est 13 sur 17

Statistiques - réponses

PaysFranchise% Correct
Mousquetaires de Paris
100%
Milano Seamen
87%
Barcelona Dragons
87%
Madrid Bravos
80%
Helvetic Guards
80%
Munich Ravens
80%
Prague Lions
80%
Rhein Fire
80%
Stuttgart Surge
80%
Vienna Vikings
80%
Francfort Galaxy
73%
Hambourg Sea Devils
67%
Wrocław Panthers
67%
Cologne Centurions
67%
Raiders Tirol
67%
Berlin Thunder
60%
Fehérvár Enthroners
53%

Distribution des résultats

Percentile par nombre de réponses

% des personnes avec chaque résultat

Votre développement - résultats

Vous n’avez pas pris ce quiz